Statistiques concernant Maillots des clubs de Ligue 1.

Cliquez ici pour prendre le quiz!

Statistiques générales

  • Ce quiz a été pris 6 381 fois
  • Le résultat moyen est 17 sur 20

Statistiques - réponses

MaillotClub% Correct

Olympique lyonnais
97%

Angers SCO
96%

Paris SG
96%

Girondins de Bordeaux
93%

Olympique de Marseille
93%

Stade de Reims
86%

AS Monaco
85%

RC Lens
85%

Stade rennais
85%

AS Saint-Étienne
84%

FC Nantes
84%

Montpellier
HSC
83%

FC Metz
81%

Lille OSC
81%

OGC Nice
81%

FC Lorient
77%

Stade brestois 29
75%

Clermont Foot 63
73%

RC Strasbourg
73%

ES Troyes AC
63%

Distribution des résultats

Percentile par nombre de réponses

% des personnes avec chaque résultat

Votre développement - résultats

Vous n’avez pas pris ce quiz